[Event "Fagernes International 2022"]
[Site "Fagernes"]
[Date "2022.04.13"]
[Round "5.18"]
[White "Vatneodegard, Marie"]
[Black "Helgoy, Hakon"]
[Result "0-1"]
[WhiteElo "1060"]
[BlackElo "1732"]
[Annotator "NA RC"]
[PlyCount "110"]
[EventDate "2022.04.10"]
[EventCountry "NOR"]
[SourceTitle "playchess.com"]
[Source "ChessBase"]
[SourceQuality "1"]

1. e4 {[%emt 0:00:03]} c6 {[%emt 0:01:17]} 2. d4 {[%emt 0:00:19]} d5 {[%emt 0:00:05]} 3. exd5 {[%emt 0:00:23]} cxd5 {[%emt 0:00:14]} 4. Bd3 {[%emt 0:00:17]} Nc6 {[%emt 0:00:08]} 5. c3 {[%emt 0:00:15]} Qc7 {[%emt 0:00:05]} 6. Nf3 {[%emt 0:01:32]} Bg4 {[%emt 0:00:29]} 7. Be3 {[%emt 0:02:24]} e6 {[%emt 0:02:08]} 8. Nbd2 {[%emt 0:00:18]} Bd6 {[%emt 0:01:11]} 9. h3 {[%emt 0:00:58]} Bh5 {[%emt 0:00:26]} 10. Qc2 {[%emt 0:00:15]} Bg6 {[%emt 0:01:05]} 11. O-O {[%emt 0:03:02]} Nge7 {[%emt 0:01:30]} 12. Rfe1 {[%emt 0:02:42]} O-O {[%emt 0:01:24]} 13. Nf1 {[%emt 0:00:40]} Nb4 {[%emt 0:01:13]} 14. Qd2 {[%emt 0:07:46]} Nxd3 {[%emt 0:02:41]} 15. Red1 {[%emt 0:00:28]} Nf4 {[%emt 0:00:30]} 16. N1h2 {[%emt 0:01:50]} Nf5 {[%emt 0:02:16]} 17. Ne5 {[%emt 0:01:19]} Nxe3 {[%emt 0:02:40]} 18. Qxe3 {[%emt 0:02:26]} Nh5 {[%emt 0:01:18]} 19. Nhg4 {[%emt 0:01:27]} Nf6 {[%emt 0:06:44]} 20. Nxf6+ {[%emt 0:02:48]} gxf6 {[%emt 0:00:11]} 21. Ng4 {[%emt 0:00:32]} Bf4 {[%emt 0:00:48]} 22. Qf3 {[%emt 0:02:22]} Kg7 {[%emt 0:02:16]} 23. g3 {[%emt 0:01:54]} h5 {[%emt 0:05:03]} 24. gxf4 {[%emt 0:02:53]} hxg4 {[%emt 0:00:09]} 25. Qxg4 {[%emt 0:00:47]} f5 {[%emt 0:01:50]} 26. Qg3 {[%emt 0:03:19]} Rh8 {[%emt 0:00:52]} 27. Kg2 {[%emt 0:04:42]} Qe7 {[%emt 0:00:27]} 28. Rh1 {[%emt 0:00:36]} Rh4 {[%emt 0:00:30]} 29. Kf1 {[%emt 0:04:57]} Rah8 {[%emt 0:00:59]} 30. Re1 {[%emt 0:06:04]} Kf8 {[%emt 0:05:13]} 31. f3 {[%emt 0:01:28]} Qc7 {[%emt 0:02:50]} 32. Re5 {[%emt 0:02:06]} Qc4+ {[%emt 0:00:45]} 33. Re2 {[%emt 0:01:05]} Qxa2 {[%emt 0:02:27]} 34. Kf2 {[%emt 0:01:25]} Qb3 {[%emt 0:01:47]} 35. Qg5 {[%emt 0:00:32]} Qb6 {[%emt 0:05:12]} 36. Qf6 {[%emt 0:07:00]} Qd6 {[%emt 0:03:11]} 37. Ke3 {[%emt 0:01:10]} b6 {[%emt 0:06:17]} 38. Rg2 {[%emt 0:00:58]} Qe7 {[%emt 0:01:37]} 39. Qe5 {[%emt 0:04:35]} f6 {[%emt 0:00:09]} 40. Qb8+ {[%emt 0:02:27]} Kf7 {[%emt 0:00:09]} 41. Qxh8 {[%emt 0:01:01]} Rxh8 {[%emt 0:00:10]} 42. Rhg1 {[%emt 0:00:23]} Rg8 {[%emt 0:00:39]} 43. h4 {[%emt 0:00:23]} Bh7 {[%emt 0:00:15]} 44. h5 {[%emt 0:01:29]} Rxg2 {[%emt 0:00:12]} 45. Rxg2 {[%emt 0:00:08]} e5 {[%emt 0:01:37]} 46. h6 {[%emt 0:01:03]} exf4+ {[%emt 0:02:32]} 47. Kf2 {[%emt 0:01:35]} Qe3+ {[%emt 0:01:10]} 48. Kf1 {[%emt 0:01:23]} Qc1+ {[%emt 0:00:15]} 49. Kf2 {[%emt 0:00:41]} Qxb2+ {[%emt 0:00:16]} 50. Kg1 {[%emt 0:00:29]} Qxg2+ {[%emt 0:01:01]} 51. Kxg2 {[%emt 0:00:16]} b5 {[%emt 0:00:48]} 52. Kf2 {[%emt 0:00:17]} Kg6 {[%emt 0:00:12]} 53. Ke2 {[%emt 0:00:46]} Kxh6 {[%emt 0:00:07]} 54. Kf2 {[%emt 0:01:33]} Kg5 {[%emt 0:00:09]} 55. Kg2 {[%emt 0:00:24]} a5 {[%emt 0:00:08]} 0-1

[Event "Fagernes International 2022"]
[Site "Fagernes"]
[Date "2022.04.13"]
[Round "5.19"]
[White "Shehzad, Alina"]
[Black "Johannessen, Theo N"]
[Result "0-1"]
[WhiteElo "1330"]
[BlackElo "1766"]
[Annotator "NA RC"]
[PlyCount "150"]
[EventDate "2022.04.10"]
[EventCountry "NOR"]
[SourceTitle "playchess.com"]
[Source "ChessBase"]
[SourceQuality "1"]

1. e4 {[%emt 0:00:06]} c5 {[%emt 0:00:08]} 2. Nf3 {[%emt 0:00:28]} g6 {[%emt 0:00:55]} 3. d4 {[%emt 0:00:33]} cxd4 {[%emt 0:00:09]} 4. Nxd4 {[%emt 0:00:20]} Nc6 {[%emt 0:00:41]} 5. c4 {[%emt 0:00:56]} Nf6 {[%emt 0:00:58]} 6. Nc3 {[%emt 0:01:04]} d6 {[%emt 0:02:38]} 7. Be2 {[%emt 0:02:06]} Nxd4 {[%emt 0:00:19]} 8. Qxd4 {[%emt 0:00:22]} Bg7 {[%emt 0:00:15]} 9. O-O {[%emt 0:03:08]} O-O {[%emt 0:00:21]} 10. Qd1 {[%emt 0:00:55]} Be6 {[%emt 0:03:08]} 11. f3 {[%emt 0:06:10]} Qb6+ {[%emt 0:06:54]} 12. Kh1 {[%emt 0:03:39]} Rfc8 {[%emt 0:01:12]} 13. Nd5 {[%emt 0:05:48]} Bxd5 {[%emt 0:04:39]} 14. cxd5 {[%emt 0:01:26]} Nd7 {[%emt 0:03:23]} 15. Rb1 {[%emt 0:07:35]} Qa5 {[%emt 0:09:38]} 16. a3 {[%emt 0:07:00]} b5 {[%emt 0:02:42]} 17. b4 {[%emt 0:02:26]} Qb6 {[%emt 0:01:59]} 18. Qd3 {[%emt 0:03:32]} a6 {[%emt 0:01:54]} 19. Be3 {[%emt 0:08:27]} Qb7 {[%emt 0:01:25]} 20. Bd4 {[%emt 0:03:50]} Bxd4 {[%emt 0:05:18]} 21. Qxd4 {[%emt 0:00:17]} Nb6 {[%emt 0:02:19]} 22. Rfc1 {[%emt 0:03:03]} Rc7 {[%emt 0:02:47]} 23. Rc3 {[%emt 0:03:25]} Rxc3 {[%emt 0:01:24]} 24. Qxc3 {[%emt 0:00:25]} Rc8 {[%emt 0:00:13]} 25. Qd2 {[%emt 0:03:18]} Qc7 {[%emt 0:00:45]} 26. Qe3 {[%emt 0:14:11]} Qc2 {[%emt 0:12:35]} 27. Qd3 {[%emt 0:08:03]} Qxd3 {[%emt 0:01:50]} 28. Bxd3 {[%emt 0:00:11]} Rc3 {[%emt 0:00:08]} 29. Be2 {[%emt 0:01:39]} Rxa3 {[%emt 0:00:41]} 30. Kg1 {[%emt 0:00:50]} Na4 {[%emt 0:15:24]} 31. Bf1 {[%emt 0:06:24]} Nc3 {[%emt 0:04:05]} 32. Rb2 {[%emt 0:01:17]} Na4 {[%emt 0:01:07]} 33. Rb1 {[%emt 0:00:20]} Kg7 {[%emt 0:00:30]} 34. Rc1 {[%emt 0:03:23]} Rc3 {[%emt 0:00:18]} 35. Rb1 {[%emt 0:01:20]} Rc2 {[%emt 0:02:10]} 36. Bd3 {[%emt 0:00:32]} Rd2 {[%emt 0:03:59]} 37. Bf1 {[%emt 0:01:29]} Rb2 {[%emt 0:01:28]} 38. Rxb2 {[%emt 0:01:50]} Nxb2 {[%emt 0:00:06]} 39. Kf2 {[%emt 0:00:29]} e6 {[%emt 0:02:05]} 40. dxe6 {[%emt 0:02:44]} fxe6 {[%emt 0:00:06]} 41. Ke3 {[%emt 0:01:30]} Kf6 {[%emt 0:02:35]} 42. Kd4 {[%emt 0:03:10]} g5 {[%emt 0:09:59]} 43. Be2 {[%emt 0:10:30]} Na4 {[%emt 0:02:56]} 44. Bd1 {[%emt 0:04:24]} e5+ {[%emt 0:07:11]} 45. Ke3 {[%emt 0:03:34]} Nb6 {[%emt 0:01:31]} 46. Bb3 {[%emt 0:02:00]} Ke7 {[%emt 0:06:40]} 47. Bg8 {[%emt 0:03:34]} h6 {[%emt 0:00:15]} 48. Kd3 {[%emt 0:00:54]} Kd7 {[%emt 0:01:20]} 49. Bf7 {[%emt 0:00:45]} Kc7 {[%emt 0:02:25]} 50. Kc3 {[%emt 0:02:14]} Nc8 {[%emt 0:00:42]} 51. Bd5 {[%emt 0:02:26]} Ne7 {[%emt 0:00:42]} 52. Bf7 {[%emt 0:00:55]} Kb6 {[%emt 0:01:40]} 53. Kb3 {[%emt 0:02:03]} Nc6 {[%emt 0:00:47]} 54. Bd5 {[%emt 0:01:17]} Nd4+ {[%emt 0:00:11]} 55. Kb2 {[%emt 0:01:28]} a5 {[%emt 0:00:18]} 56. Kc3 {[%emt 0:01:38]} Ne2+ {[%emt 0:00:31]} 57. Kb3 {[%emt 0:01:13]} Nf4 {[%emt 0:01:37]} 58. g3 {[%emt 0:01:05]} Nxd5 {[%emt 0:00:56]} 59. exd5 {[%emt 0:00:08]} axb4 {[%emt 0:00:58]} 60. Kxb4 {[%emt 0:00:15]} Ka6 {[%emt 0:00:40]} 61. g4 {[%emt 0:02:34]} Kb6 {[%emt 0:00:20]} 62. h3 {[%emt 0:00:35]} Ka6 {[%emt 0:00:08]} 63. Kb3 {[%emt 0:00:31]} Ka5 {[%emt 0:00:10]} 64. Ka3 {[%emt 0:00:41]} b4+ {[%emt 0:00:09]} 65. Kb3 {[%emt 0:00:05]} Kb5 {[%emt 0:00:08]} 66. Kb2 {[%emt 0:00:24]} Kc4 {[%emt 0:00:14]} 67. Kc2 {[%emt 0:00:12]} Kxd5 {[%emt 0:00:07]} 68. Kb3 {[%emt 0:00:19]} Kd4 {[%emt 0:00:10]} 69. Kxb4 {[%emt 0:00:21]} Ke3 {[%emt 0:00:12]} 70. Kc4 {[%emt 0:00:25]} Kxf3 {[%emt 0:00:08]} 71. Kd5 {[%emt 0:00:24]} e4 {[%emt 0:00:09]} 72. Kd4 {[%emt 0:00:18]} e3 {[%emt 0:00:07]} 73. Kd3 {[%emt 0:00:05]} Kf2 {[%emt 0:00:06]} 74. Kc2 {[%emt 0:00:21]} e2 {[%emt 0:00:06]} 75. Kd3 {[%emt 0:00:20]} e1=Q {[%emt 0:00:11]} 0-1

[Event "Fagernes International 2022"]
[Site "Fagernes"]
[Date "2022.04.13"]
[Round "5.20"]
[White "Stromsodd, Jonas W"]
[Black "Selvik, Elma"]
[Result "1/2-1/2"]
[WhiteElo "1588"]
[BlackElo "1392"]
[Annotator "NA RC"]
[PlyCount "160"]
[EventDate "2022.04.10"]
[EventCountry "NOR"]
[SourceTitle "playchess.com"]
[Source "ChessBase"]
[SourceQuality "1"]

1. d4 {[%emt 0:00:03]} d5 {[%emt 0:00:12]} 2. Nc3 {[%emt 0:00:06]} c6 {[%emt 0:00:22]} 3. Bf4 {[%emt 0:00:16]} Bf5 {[%emt 0:00:35]} 4. f3 {[%emt 0:01:49]} Nf6 {[%emt 0:00:42]} 5. g4 {[%emt 0:00:12]} Bg6 {[%emt 0:00:40]} 6. h4 {[%emt 0:00:15]} h5 {[%emt 0:01:28]} 7. g5 {[%emt 0:00:08]} Nfd7 {[%emt 0:01:31]} 8. e3 {[%emt 0:00:20]} Qb6 {[%emt 0:02:57]} 9. Rb1 {[%emt 0:00:29]} e6 {[%emt 0:02:13]} 10. Bd3 {[%emt 0:00:48]} Bxd3 {[%emt 0:01:04]} 11. Qxd3 {[%emt 0:00:16]} g6 {[%emt 0:01:27]} 12. e4 {[%emt 0:02:18]} Bg7 {[%emt 0:04:36]} 13. Nge2 {[%emt 0:00:35]} O-O {[%emt 0:10:13]} 14. e5 {[%emt 0:01:02]} c5 {[%emt 0:07:39]} 15. Be3 {[%emt 0:07:03]} cxd4 {[%emt 0:09:13]} 16. Bxd4 {[%emt 0:00:32]} Nxe5 {[%emt 0:06:33]} 17. Qe3 {[%emt 0:00:23]} Nxf3+ {[%emt 0:02:58]} 18. Qxf3 {[%emt 0:00:17]} Bxd4 {[%emt 0:01:20]} 19. Nxd4 {[%emt 0:00:09]} Qxd4 {[%emt 0:00:18]} 20. Rd1 {[%emt 0:00:30]} Qe5+ {[%emt 0:03:09]} 21. Kd2 {[%emt 0:00:56]} Nc6 {[%emt 0:05:38]} 22. Kc1 {[%emt 0:00:41]} Qf5 {[%emt 0:04:05]} 23. Qg2 {[%emt 0:02:04]} Qf4+ {[%emt 0:07:46]} 24. Kb1 {[%emt 0:00:23]} Ne7 {[%emt 0:04:15]} 25. Rdf1 {[%emt 0:01:54]} Qc4 {[%emt 0:06:09]} 26. Qh2 {[%emt 0:04:26]} Nf5 {[%emt 0:03:27]} 27. Qe5 {[%emt 0:00:51]} Rac8 {[%emt 0:07:33]} 28. a3 {[%emt 0:04:22]} Qd4 {[%emt 0:03:49]} 29. Rxf5 {[%emt 0:00:22]} Qxe5 {[%emt 0:11:45]} 30. Rxe5 {[%emt 0:00:09]} a6 {[%emt 0:00:58]} 31. Ne2 {[%emt 0:02:19]} Rc4 {[%emt 0:00:37]} 32. Re3 {[%emt 0:01:10]} Rfc8 {[%emt 0:00:49]} 33. Rc3 {[%emt 0:00:28]} b5 {[%emt 0:00:27]} 34. Rhh3 {[%emt 0:00:49]} a5 {[%emt 0:00:34]} 35. b3 {[%emt 0:01:16]} R4c7 {[%emt 0:00:31]} 36. Rxc7 {[%emt 0:01:04]} Rxc7 {[%emt 0:00:04]} 37. Rc3 {[%emt 0:00:14]} Rb7 {[%emt 0:00:55]} 38. Rc8+ {[%emt 0:00:33]} Kg7 {[%emt 0:00:11]} 39. Nd4 {[%emt 0:00:37]} a4 {[%emt 0:00:53]} 40. b4 {[%emt 0:00:21]} e5 {[%emt 0:00:24]} 41. Nf3 {[%emt 0:00:52]} e4 {[%emt 0:06:44]} 42. Nd4 {[%emt 0:01:22]} Re7 {[%emt 0:02:20]} 43. Kc1 {[%emt 0:00:59]} e3 {[%emt 0:01:17]} 44. Nf3 {[%emt 0:05:07]} e2 {[%emt 0:07:58]} 45. Kd2 {[%emt 0:00:29]} Re4 {[%emt 0:00:54]} 46. Rb8 {[%emt 0:03:20]} e1=Q+ {[%emt 0:04:15]} 47. Nxe1 {[%emt 0:00:08]} Rxh4 {[%emt 0:00:22]} 48. Nf3 {[%emt 0:00:12]} Rf4 {[%emt 0:01:08]} 49. Ke3 {[%emt 0:00:38]} Re4+ {[%emt 0:01:30]} 50. Kd3 {[%emt 0:00:59]} Rf4 {[%emt 0:01:05]} 51. Nd4 {[%emt 0:00:23]} h4 {[%emt 0:02:20]} 52. Re8 {[%emt 0:07:08]} Rg4 {[%emt 0:07:01]} 53. Re7 {[%emt 0:01:08]} Rxg5 {[%emt 0:06:51]} 54. Ne6+ {[%emt 0:00:21]} Kf6 {[%emt 0:00:24]} 55. Nxg5 {[%emt 0:00:36]} Kxe7 {[%emt 0:00:18]} 56. Kd4 {[%emt 0:00:37]} Kf6 {[%emt 0:02:34]} 57. Nf3 {[%emt 0:01:04]} g5 {[%emt 0:00:33]} 58. Ke3 {[%emt 0:02:13]} Kf5 {[%emt 0:01:16]} 59. Nd4+ {[%emt 0:02:51]} Kg4 {[%emt 0:00:23]} 60. Kf2 {[%emt 0:00:43]} h3 {[%emt 0:00:40]} 61. Nxb5 {[%emt 0:01:09]} Kf4 {[%emt 0:00:36]} 62. Nd4 {[%emt 0:01:06]} g4 {[%emt 0:00:27]} 63. Ne2+ {[%emt 0:00:22]} Ke5 {[%emt 0:00:25]} 64. Kg3 {[%emt 0:01:48]} f5 {[%emt 0:00:37]} 65. b5 {[%emt 0:05:14]} Kd6 {[%emt 0:00:32]} 66. b6 {[%emt 0:00:54]} Kc6 {[%emt 0:00:23]} 67. Kf4 {[%emt 0:02:12]} Kxb6 {[%emt 0:00:19]} 68. Kxf5 {[%emt 0:00:15]} Kc5 {[%emt 0:00:30]} 69. Kf4 {[%emt 0:02:56]} h2 {[%emt 0:00:33]} 70. Ng3 {[%emt 0:00:31]} Kc4 {[%emt 0:00:28]} 71. Ke5 {[%emt 0:01:15]} d4 {[%emt 0:00:50]} 72. Kf5 {[%emt 0:01:06]} Kc3 {[%emt 0:00:23]} 73. Ke4 {[%emt 0:00:12]} Kxc2 {[%emt 0:00:28]} 74. Kxd4 {[%emt 0:00:09]} Kb3 {[%emt 0:00:13]} 75. Kd3 {[%emt 0:00:19]} Kxa3 {[%emt 0:00:16]} 76. Kc3 {[%emt 0:00:19]} Ka2 {[%emt 0:00:20]} 77. Kc2 {[%emt 0:00:33]} a3 {[%emt 0:00:28]} 78. Nh1 {[%emt 0:00:30]} Ka1 {[%emt 0:01:07]} 79. Ng3 {[%emt 0:00:55]} Ka2 {[%emt 0:00:38]} 80. Nh1 {[%emt 0:00:08]} Ka1 {[%emt 0:00:09]} 1/2-1/2

[Event "Fagernes International 2022"]
[Site "Fagernes"]
[Date "2022.04.15"]
[Round "7.1"]
[White "Myagmarsuren, Evsuld"]
[Black "Ostensen, Nicolai Maxime"]
[Result "1-0"]
[WhiteElo "1858"]
[BlackElo "1728"]
[Annotator "NA RC"]
[PlyCount "53"]
[EventDate "2022.04.10"]
[EventCountry "NOR"]
[SourceTitle "playchess.com"]
[Source "ChessBase"]
[SourceQuality "1"]

{[%evp 25,53,57,32767,32767,32767,32767,32767,108,130,106,84,95,261,295,265,280,325,329,338,382,414,397,377,268,32767,32767,32767,32767,1188,1275]} 1. e4 c6 {[%emt 0:00:30]} 2. d4 {[%emt 0:00:35]} d5 {[%emt 0:00:05]} 3. exd5 {[%emt 0:00:12]} cxd5 {[%emt 0:00:07]} 4. Bd3 {[%emt 0:00:04]} Nf6 {[%emt 0:01:04]} 5. h3 {[%emt 0:01:15]} Nc6 {[%emt 0:01:06]} 6. c3 {[%emt 0:00:21]} e6 {[%emt 0:05:16]} 7. Bf4 {[%emt 0:01:14]} Bd6 {[%emt 0:00:30]} 8. Bxd6 {[%emt 0:01:00]} Qxd6 {[%emt 0:00:06]} 9. Nf3 {[%emt 0:00:04]} O-O {[%emt 0:00:35]} 10. O-O {[%emt 0:02:40]} Rb8 {[%emt 0:04:18]} 11. Qe2 {[%emt 0:04:39]} a6 {[%emt 0:00:24]} 12. Ne5 {[%emt 0:02:31]} Ne7 {[%emt 0:02:47]} 13. Nd2 {[%emt 0:02:47]} b5 {[%emt 0:02:46]} 14. b4 {[%emt 0:04:29]} Qc7 {[%emt 0:03:03]} 15. Rfc1 {[%emt 0:03:33]} a5 {[%emt 0:04:20]} 16. a3 {[%emt 0:06:26]} (16. Bxb5 $142 Qb6 17. a4) 16... Qb6 {[%emt 0:03:06]} 17. Nb3 {[%emt 0:04:29]} a4 {[%emt 0:00:05]} 18. Nc5 {[%emt 0:00:04]} Nc6 $2 {[%emt 0:01:04] [#]} (18... Nf5 $16) 19. Bxb5 $1 {[%emt 0:04:20]} Nxe5 {[%emt 0:01:47]} 20. dxe5 {[%emt 0:00:12]} Ne4 {[%emt 0:00:43]} 21. Nxe4 {[%emt 0:01:12]} dxe4 {[%emt 0:00:07]} 22. Bxa4 {[%emt 0:02:58]} Bb7 $18 {[%emt 0:01:26]} 23. Bc2 {[%emt 0:01:49]} f5 {[%emt 0:01:01]} 24. Bb3 {[%emt 0:06:17]} f4 {[%emt 0:00:39]} 25. Qg4 {[%emt 0:00:31]} Rf5 {[%emt 0:00:17]} 26. Qxf5 {[%emt 0:00:11]} Kh8 {[%emt 0:02:38]} 27. Qxe6 {[%emt 0:00:23]} 1-0

[Event "Fagernes International 2022"]
[Site "Fagernes"]
[Date "2022.04.15"]
[Round "7.2"]
[White "Fiskaaen, Martin Holten"]
[Black "Amundsen, Ask"]
[Result "0-1"]
[WhiteElo "1880"]
[BlackElo "1819"]
[Annotator "NA RC"]
[PlyCount "120"]
[EventDate "2022.04.10"]
[EventCountry "NOR"]
[SourceTitle "playchess.com"]
[Source "ChessBase"]
[SourceQuality "1"]

1. d4 {[%emt 0:00:03]} Nf6 {[%emt 0:00:25]} 2. c4 {[%emt 0:00:08]} c5 {[%emt 0:00:23]} 3. d5 {[%emt 0:00:06]} e6 {[%emt 0:00:04]} 4. Nc3 {[%emt 0:00:05]} exd5 {[%emt 0:00:03]} 5. cxd5 {[%emt 0:00:07]} d6 {[%emt 0:00:06]} 6. e4 {[%emt 0:00:04]} g6 {[%emt 0:00:07]} 7. Bf4 {[%emt 0:00:07]} a6 {[%emt 0:01:46]} 8. a4 {[%emt 0:00:06]} Bg7 {[%emt 0:00:16]} 9. Nf3 {[%emt 0:00:06]} Bg4 {[%emt 0:00:23]} 10. Be2 {[%emt 0:00:08]} Bxf3 {[%emt 0:00:05]} 11. Bxf3 {[%emt 0:00:06]} O-O {[%emt 0:00:14]} 12. O-O {[%emt 0:00:04]} Qe7 {[%emt 0:00:20]} 13. Re1 {[%emt 0:00:11]} Nbd7 {[%emt 0:00:21]} 14. Qd2 {[%emt 0:02:38]} Ne8 {[%emt 0:05:07]} 15. Be2 {[%emt 0:02:46]} Rb8 {[%emt 0:02:51]} 16. Bg3 {[%emt 0:24:10]} Nc7 {[%emt 0:04:22]} ({Don't play} 16... Bxc3 17. bxc3 Nc7 18. f4 $16) 17. f4 {[%emt 0:03:37]} Bd4+ {[%emt 0:01:59]} 18. Kh1 {[%emt 0:08:55]} b5 {[%emt 0:07:15]} 19. Bg4 {[%emt 0:06:05]} (19. e5 $14) 19... Nb6 $11 {[%emt 0:19:29]} 20. Bf2 {[%emt 0:15:12]} Bg7 {[%emt 0:17:15]} 21. Qe2 {[%emt 0:14:08]} Nxa4 {[%emt 0:03:47]} 22. Nxa4 {[%emt 0:04:19]} bxa4 {[%emt 0:00:05]} 23. Ra2 {[%emt 0:00:46]} Rb4 {[%emt 0:03:14]} 24. e5 {[%emt 0:12:06]} Re8 {[%emt 0:22:44]} 25. Qd2 {[%emt 0:01:59]} Qd8 {[%emt 0:07:11]} 26. e6 {[%emt 0:00:43]} f5 {[%emt 0:00:59]} 27. Bf3 {[%emt 0:00:36]} Nb5 {[%emt 0:01:24]} 28. Rea1 {[%emt 0:02:28]} Qf6 {[%emt 0:05:22]} 29. Rxa4 {[%emt 0:00:38]} Qxb2 {[%emt 0:03:00]} 30. Qxb2 {[%emt 0:01:53]} Rxb2 {[%emt 0:00:11]} 31. Be1 {[%emt 0:01:38]} Nc7 {[%emt 0:01:41]} 32. Ba5 {[%emt 0:00:54]} Reb8 {[%emt 0:00:56]} 33. Rd1 {[%emt 0:02:03]} Nb5 {[%emt 0:00:44]} 34. h3 {[%emt 0:05:17]} Kf8 {[%emt 0:00:51]} 35. g4 {[%emt 0:00:43]} fxg4 {[%emt 0:00:28]} 36. Bxg4 {[%emt 0:00:25]} Ke7 {[%emt 0:00:27]} 37. Be1 {[%emt 0:00:23]} Nc7 {[%emt 0:00:47]} 38. Ba5 {[%emt 0:01:06]} Nb5 {[%emt 0:01:15]} 39. Be1 {[%emt 0:00:19]} Nc7 {[%emt 0:01:40]} 40. Ba5 {[%emt 0:00:54]} Ne8 {[%emt 0:00:28]} 41. Be1 {[%emt 0:01:52]} R8b6 {[%emt 0:15:02]} 42. Bh4+ {[%emt 0:09:26]} Nf6 {[%emt 0:00:27]} 43. Rda1 {[%emt 0:03:25]} Ke8 {[%emt 0:24:16]} 44. Rxa6 {[%emt 0:01:51]} Nxd5 {[%emt 0:02:07]} 45. Rxb6 {[%emt 0:06:17]} Nxb6 {[%emt 0:00:05]} 46. Ra7 {[%emt 0:00:12]} Bd4 {[%emt 0:01:02]} 47. Rb7 {[%emt 0:00:13]} Nd5 {[%emt 0:00:32]} 48. Rxh7 {[%emt 0:03:03]} c4 {[%emt 0:00:30]} 49. Rh6 {[%emt 0:17:07]} c3 {[%emt 0:00:11]} 50. Rxg6 {[%emt 0:00:55]} Rb1+ {[%emt 0:00:30]} 51. Kh2 {[%emt 0:00:15]} Rb2+ {[%emt 0:00:26]} 52. Kh1 {[%emt 0:00:37]} Ne7 {[%emt 0:00:54]} 53. Bh5 {[%emt 0:01:59]} Kf8 {[%emt 0:00:33]} 54. Bg5 {[%emt 0:00:37]} Rb1+ {[%emt 0:00:31]} 55. Kg2 {[%emt 0:00:47]} Rg1+ {[%emt 0:00:29]} 56. Kh2 {[%emt 0:00:50]} Rxg5 {[%emt 0:00:27]} 57. Rxg5 {[%emt 0:00:33]} c2 {[%emt 0:00:18]} 58. Ra5 {[%emt 0:00:40]} c1=Q {[%emt 0:00:20]} 59. Ra8+ {[%emt 0:00:08]} Kg7 {[%emt 0:00:07]} 60. Ra2 {[%emt 0:00:11]} Qg1# {[%emt 0:00:06]} 0-1

[Event "Fagernes International 2022"]
[Site "Fagernes"]
[Date "2022.04.15"]
[Round "7.3"]
[White "Johannessen, Heine N"]
[Black "Stromhaug, Kristoffer Wang"]
[Result "1-0"]
[WhiteElo "1928"]
[BlackElo "1694"]
[Annotator "NA RC"]
[PlyCount "89"]
[EventDate "2022.04.10"]
[EventCountry "NOR"]
[SourceTitle "playchess.com"]
[Source "ChessBase"]
[SourceQuality "1"]

1. d4 {[%emt 0:00:11]} d5 {[%emt 0:00:11]} 2. Nf3 {[%emt 0:00:09]} Nf6 {[%emt 0:00:45]} 3. c4 {[%emt 0:00:23]} c6 {[%emt 0:01:11]} 4. Nc3 {[%emt 0:00:41]} e6 {[%emt 0:00:15]} 5. Bg5 {[%emt 0:01:46]} h6 {[%emt 0:00:31]} 6. Bxf6 {[%emt 0:00:22]} Qxf6 {[%emt 0:00:06]} 7. e3 {[%emt 0:00:04]} g6 {[%emt 0:01:16]} 8. c5 {[%emt 0:12:16]} b6 {[%emt 0:02:33]} 9. cxb6 {[%emt 0:09:52]} axb6 {[%emt 0:00:07]} 10. Bd3 {[%emt 0:02:16]} Nd7 {[%emt 0:01:49]} 11. Qb3 {[%emt 0:09:02]} Bg7 {[%emt 0:04:03]} 12. O-O {[%emt 0:05:59]} O-O {[%emt 0:02:41]} 13. Rac1 {[%emt 0:07:37]} Ba6 {[%emt 0:02:55]} (13... Bb7 $15) 14. Bxa6 {[%emt 0:01:13]} Rxa6 {[%emt 0:03:07]} 15. Ne2 {[%emt 0:08:16]} Rc8 {[%emt 0:04:57]} 16. Nf4 {[%emt 0:01:00]} Qe7 {[%emt 0:03:22]} 17. Rfe1 {[%emt 0:06:21]} Qd6 {[%emt 0:04:53]} 18. a3 {[%emt 0:04:05]} c5 {[%emt 0:03:48]} 19. Nd3 {[%emt 0:00:05]} Raa8 {[%emt 0:01:46]} 20. Qd1 {[%emt 0:02:07]} c4 {[%emt 0:07:10]} 21. Nb4 {[%emt 0:01:02]} Bf8 {[%emt 0:01:43]} 22. h4 {[%emt 0:02:55]} Qb8 {[%emt 0:03:59]} 23. h5 {[%emt 0:02:00]} Bxb4 {[%emt 0:02:16]} 24. axb4 {[%emt 0:00:01]} g5 {[%emt 0:00:57]} 25. e4 {[%emt 0:04:41]} dxe4 {[%emt 0:03:50]} 26. Rxe4 {[%emt 0:00:12]} Nf6 {[%emt 0:01:23]} 27. Re5 $17 {[%emt 0:00:37]} Qd6 {[%emt 0:06:14]} 28. Qe2 {[%emt 0:02:23]} Nd7 {[%emt 0:02:39]} 29. Re3 {[%emt 0:01:49]} Qxb4 {[%emt 0:06:19]} 30. Rxe6 {[%emt 0:01:12]} Kg7 {[%emt 0:05:14]} 31. Re7 {[%emt 0:02:11]} Qd6 {[%emt 0:01:34]} 32. Qe4 {[%emt 0:02:50]} Kf8 {[%emt 0:03:15]} 33. Re1 {[%emt 0:01:29]} Nf6 {[%emt 0:09:13]} 34. Qb7 {[%emt 0:02:57]} Qd5 {[%emt 0:00:20]} 35. Qxb6 {[%emt 0:00:53]} Rc6 {[%emt 0:03:47]} 36. Qb7 {[%emt 0:00:54]} Rca6 {[%emt 0:01:46]} 37. Qb4 {[%emt 0:00:29]} Kg7 {[%emt 0:01:39]} 38. Ne5 {[%emt 0:02:01]} R6a7 {[%emt 0:01:19]} 39. Nxf7 {[%emt 0:08:32]} Rxe7 {[%emt 0:01:27]} 40. Rxe7 {[%emt 0:00:02]} Ra1+ {[%emt 0:03:11]} 41. Kh2 {[%emt 0:00:10]} Ng4+ {[%emt 0:03:47]} 42. Kg3 {[%emt 0:00:20]} Kf6 {[%emt 0:04:50]} 43. Ne5 {[%emt 0:05:36]} Nxe5 {[%emt 0:01:21]} 44. Rxe5 {[%emt 0:00:59]} Qd7 {[%emt 0:02:22]} 45. Qf8+ {[%emt 0:00:12]} 1-0